LEADER 00899nam a2200217 i 4500 001 000000194157 003 CaOOAMICUS 005 20101106000000.0 008 101106s1945 it u000 u ita u 013 $a172804 040 $aSeMil$bita 100 1 $aCattori, Emilio.$0(OLS)http://semarc/name/10298 245 13$aIl Vescovo Aurelio Bacciarini /$cMons. Emilio Cattori. 260 $aLugano :$b[s.n.],$cstampa 1945$e(Lugano :$fTip. «La Buona Stampa»,$gstampa 1945) 300 $a1013 p., [14] p. di tav. ;$c23 cm. 500 $aContiene : Appendice. 600 14$aBacciarini, Aurelio .$0(OLS)http://semarc/subject/3587 850 $aSeMil 852 $aSeMil$W1$xVenegono$y1$m3J IV 162$j144731$B144731$CSeMilBibl$Z2$F156149 $81 996 $6245$aIl Vescovo Aurelio Bacciarini$9(OLS)http://semarc/title/199881 996 $6260$aLugano :$b[s.n.]$9(OLS)http://semarc/publisher/30550 LEADER 01017nam a2200241 i 4500 001 000000061526 003 CaOOAMICUS 005 20130220000000.0 008 130220s1920 xx u000 u fre u 013 $a32698 040 $aSeMil$bita 100 1 $aLe Bon, Gustave,$d<1841-1931>.$0(OLS)http://semarc/name/31261 245 12$aL'Évolution des Forces /$cDr. Gustave Le Bon. 260 $aParis :$bErnest Flammarion,$c1920. 300 $a388 p. :$bill. ;$c19 cm. 490 0 $aBibliothèque de philosophie scientifique 500 $aIn mezzo al front : Avec 42 figures photographiées au laboratoire de l'auteur. 650 4$aFisica.$0(OLS)http://semarc/subject/6493 830 0$aBibliothèque de philosophie scientifique.$0(OLS)http://semarc/title/26189 850 $aSeMil 852 $aSeMil$W1$xVenegono$y1$m2L I 38$j27679$B27679$CSeMilBibl$Z2$F27682 $81 996 $6245$aL'Évolution des Forces$9(OLS)http://semarc/title/96684 996 $6260$aParis :$bErnest Flammarion$9(OLS)http://semarc/publisher/34909 LEADER 00403nab a2200145 i 4500 001 000000277442 003 CaOOAMICUS 005 20120629000000.0 008 120629n xx uu u0 0und r 013 $a27844 040 $aSeMil$bita 245 10$a[SENZA TITOLO]. 500 $a2012/1-2. 773 0 $t2012.$dLeiden ; Boston : Brill, copyr. 2012.$w()214266 996 $6245$a[SENZA TITOLO]$9(OLS)http://semarc/title/354609